Central Library OPAC University of Rajshahi

Developmental psychology : (Record no. 67128)

MARC details
000 -LEADER
fixed length control field 00839nam a2200277 a 4500
001 - CONTROL NUMBER
control field 67128
003 - CONTROL NUMBER IDENTIFIER
rucl marc code BD-RjUL
005 - DATE AND TIME OF LATEST TRANSACTION
control field 20211209081622.0
008 - FIXED-LENGTH DATA ELEMENTS--GENERAL INFORMATION
fixed length control field 170322s1999 caua b 001 0 eng
020 ## - INTERNATIONAL STANDARD BOOK NUMBER
International Standard Book Number 053436361X
International Standard Book Number 0534355927
035 ## - SYSTEM CONTROL NUMBER
System control number (BD-RjUL)67259
040 ## - CATALOGING SOURCE
Original cataloging agency DLC
Transcribing agency DLC
Modifying agency BD-RjUL
Language of cataloging eng
041 ## - LANGUAGE CODE
Language code of text/sound track or separate title eng
082 00 - DEWEY DECIMAL CLASSIFICATION NUMBER
Classification number 155.4
Edition number 23
Author mark and year SHD 1999
100 1# - MAIN ENTRY--PERSONAL NAME
Personal name Shaffer, David R.
Fuller form of name (David Reed),
Dates associated with a name 1946-
9 (RLIN) 90618
245 10 - TITLE STATEMENT
Title Developmental psychology :
Remainder of title childhood and adolescence /
Statement of responsibility, etc. David R. Shaffer.
250 ## - EDITION STATEMENT
Edition statement 5th ed.
260 ## - PUBLICATION, DISTRIBUTION, ETC. (IMPRINT)
Place of publication, distribution, etc. London :
Name of publisher, distributor, etc. Brooks/Cole,
Date of publication, distribution, etc. c1999.
300 ## - PHYSICAL DESCRIPTION
Pagination xix, 641 p. :
Illustrations ill. ;
Size 29 cm.
504 ## - BIBLIOGRAPHY, ETC. NOTE
Bibliography, etc Includes bibliographical references and indexes.
650 #0 - SUBJECT ADDED ENTRY--TOPICAL TERM
Topical term or geographic name as entry element Child psychology.
9 (RLIN) 198865
Topical term or geographic name as entry element Adolescent psychology.
9 (RLIN) 198866
942 ## - ADDED ENTRY ELEMENTS (KOHA)
Source of classification or shelving scheme Dewey Decimal Classification
Koha item type Books
Holdings
Lost status Source of classification or shelving scheme Damaged status Not for loan Collection code Permanent Location Current Location Shelving location Date acquired Source of acquisition Cost, normal purchase price Total Checkouts Full call number Date last seen Copy number Koha item type
  Dewey Decimal Classification   Not For Loan Non-fiction Central Library, University of Rajshahi Central Library, University of Rajshahi Reading Room 30/07/2000 Dhaka, paragon Enterprises Ltd. 1886.00   155.4 SHD 1999 22/03/2017 C-1 Books